Sarah J Maas Books - Statistics

General Stats
  • This quiz has been taken 74 times
  • The average score is 13 of 16
Answer Stats
Release Date Answer % Correct
2012 Throne Of Glass
97%
2015 A Court Of Thorns And Roses
92%
2018 Kingdom Of Ash
89%
2014 The Assassins Blade
89%
2016 A Court Of Mist And Fury
87%
2021 A Court Of Silver Flames
83%
2014 Heir Of Fire
83%
2017 Tower Of Dawn
81%
2017 A Court Of Wings And Ruin
79%
2018 A Court Of Frost And Starlight
78%
2016 Empire Of Storms
78%
2015 Queen Of Shadows
76%
2013 Crown Of Midnight
73%
2020 House Of Earth And Blood
71%
2022 House Of Sky And Breath
70%
2018 Catwoman
33%
No matching quizzes found
Score Distribution
Percent of People with Each Score
Percentile by Number Answered
Your Score History
You have not taken this quiz